[Event "Florencia Caqueta-ch"]
[Site "Florencia"]
[Date "2021.04.01"]
[Round "4"]
[White "Medina, Juan Esteban"]
[Black "Vargas Naranjo, Joshua Mauricio"]
[Result "1-0"]
[WhiteElo "1260"]
[BlackElo "1389"]
[PlyCount "47"]
[EventDate "2021.03.30"]
[EventType "swiss"]
[EventRounds "6"]
[EventCountry "COL"]
[SourceTitle "EXT 2022"]
[Source "ChessBase"]
[SourceDate "2021.10.06"]
[SourceVersion "1"]
[SourceVersionDate "2021.10.06"]
[SourceQuality "1"]

1. d4 d5 2. Nf3 Nf6 3. g3 e6 4. Bg2 c5 5. 0-0 Nc6 6. b3 b6 7. Bb2 Bb7 8. c4 Be7 9. Nbd2 0-0 10. Re1 dxc4 11. Nxc4 Nxd4 12. Nxd4 Bxg2 13. Kxg2 cxd4 14. Qxd4 Qxd4 15. Bxd4 Rfd8 16. Red1 h6 17. Bb2 Nd5 18. Ne5 Bf6 19. a3 Rd6 20. e4 Re8 21. exd5 Rxd5 22. Rxd5 exd5 23. Nd3 Bxb2 24. Nxb2 1-0

[Event "Caqueta Florencia op"]
[Site "Caqueta"]
[Date "2016.12.02"]
[Round "3"]
[White "Remicio Aponte, Diogenes"]
[Black "Vargas Naranjo, Joshua Mauricio"]
[Result "0-1"]
[WhiteElo "1600"]
[BlackElo "1360"]
[PlyCount "66"]
[EventDate "2016.12.01"]
[EventType "swiss"]
[EventRounds "6"]
[EventCountry "COL"]
[SourceTitle "CBM 176 Extra"]
[Source "ChessBase"]
[SourceDate "2017.03.02"]
[SourceVersion "1"]
[SourceVersionDate "2017.03.02"]
[SourceQuality "1"]

1. e4 e5 2. d3 Nf6 3. Be3 Nc6 4. Nc3 d6 5. Qe2 Be6 6. b3 Be7 7. g3 Qd7 8. Nf3 Bg4 9. h3 Be6 10. 0-0-0 d5 11. d4 dxe4 12. dxe5 exf3 13. Qxf3 Nxe5 14. Qxb7 Qc8 15. Bb5+ Bd7 16. Bxd7+ Nexd7 17. Qc6 0-0 18. Rd4 Bc5 19. Rh4 Bxe3+ 20. fxe3 Ne5 21. Qc5 Ng6 22. Rc4 Qe6 23. Rd1 Qe7 24. Qa5 Qxe3+ 25. Kb2 Qxg3 26. Rh1 Qe5 27. Rc5 Qd6 28. Nb5 Qxc5 29. b4 Qd5 30. Nxc7 Qxa5 31. Nxa8 Qxb4+ 32. Kc1 Qb7 33. Rg1 Qxa8 0-1